IVE - Toutes les chansons - Statistiques

Statistiques générales
  • Ce quiz a été pris 75 fois
    6 depuis la dernière actualisation
  • Le résultat moyen est 42 sur 77
Statistiques - réponses
Hint Réponse % Correct
I'VE IVE 1 Blue Blood
100%
I'VE IVE 2 I AM
100%
ALIVE 3 I AM -Japanese version-
100%
I'VE IVE 10 Cherish
75%
ALIVE 1 CRUSH
75%
I'VE MINE 3 Either Way
75%
I'VE IVE 7 섬찟 (Hypnosis)
75%
I'VE IVE 3 Kitsch
75%
I'VE IVE 4 Lips
75%
Singles 2022 LOVE DIVE
75%
WAVE 4 LOVE DIVE -Japanese version-
75%
I'VE IVE 6 Mine
75%
I'VE IVE 9 궁금해 (Next Page)
75%
I'VE IVE 8 NOT YOUR GIRL
75%
I'VE MINE 5 OTT
75%
I'VE IVE 11 Shine With Me
75%
WAVE 1 WAVE
75%
Revive+ 7 8 (JANGWONYOUNG Solo)
50%
IVE SWITCH 2 Accendio
50%
Be Alright 3 Accendio - Japanese Version
50%
Singles 2022 After LIKE
50%
Singles 2022 After LIKE - Holiday Remix
50%
WAVE 3 After LIKE -Japanese version-
50%
Singles 2024 All Night (feat. Saweetie)
50%
IVE EMPATHY 5 ATTITUDE
50%
I'VE MINE 2 Baddie
50%
ALIVE 5 Baddie -Japanese version-
50%
Be Alright 1 Be Alright
50%
IVE SECRET 5 ♥ Beats (삐빅)
50%
Revive+ 1 BLACKHOLE
50%
IVE SWITCH 3 Blue Heart
50%
Be Alright 4 Blue Heart - Japanese Version
50%
WAVE 2 Classic
50%
Be Alright 2 DARE ME
50%
IVE SECRET 3 Dear, My Feelings
50%
Revive+ 2 BANG BANG
50%
Singles 2021 ELEVEN
50%
Singles 2022 ELEVEN -Japanese version-
50%
Revive+ 5 Fireworks
50%
IVE EMPATHY 2 FLU
50%
Revive+ 12 Force (ANYUJIN Solo)
50%
IVE SECRET 4 GOTCHA (Baddest Eros)
50%
I'VE IVE 5 Heroine
50%
IVE SWITCH 1 HEYA
50%
I'VE MINE 4 Holy Moly
50%
Revive+ 6 HOT COFFEE
50%
Revive+ 3 Hush
50%
IVE SWITCH 4 Ice Queen
50%
Revive+ 11 In Your Heart (REI Solo)
50%
Singles 2023 I WANT
50%
IVE SECRET 6 Midnight Kiss
50%
Singles 2022 My Satisfaction
50%
Revive+ 8 Odd (GAEUL Solo)
50%
I'VE MINE 1 Off The Record
50%
ALIVE 4 Off The Record -Japanese version-
50%
I'VE MINE 6 Payback
50%
IVE EMPATHY 1 REBEL HEART
50%
IVE SWITCH 6 RESET
50%
Revive+ 4 Stuck in Your Head
50%
Singles 2024 SUMMER FESTA
50%
Revive+ 9 Super Icy (LEESEO Solo)
50%
Singles 2024 Supernova Love (feat. David Guetta)
50%
Singles 2021 Take It
50%
WAVE 5 Take It -Japanese version-
50%
IVE EMPATHY 4 Thank U
50%
IVE EMPATHY 6 TKO
50%
IVE SECRET 2 Wild Bird
50%
IVE SWITCH 5 WOW
50%
Be Alright 5 WOW - Japanese Version
50%
IVE SECRET 1 XOXZ
50%
IVE EMPATHY 3 You Wanna Cry
50%
Singles 2026 Fashion
25%
Singles 2022 Queen of Hearts
25%
Singles 2022 ROYAL
25%
Revive+ 10 Unreal (LIZ Solo)
25%
ALIVE 2 Will
25%
Singles 2024 Will -Korean version-
25%
Aucun quiz correspondant
Distribution des résultats
% des personnes avec chaque résultat
Percentile par nombre de réponses
Votre historique - résultats
Vous n’avez pas pris ce quiz depuis la dernière actualisation